<?xml version="1.0" encoding="UTF-8"?>
<record
    xmlns:xsi="http://www.w3.org/2001/XMLSchema-instance"
    xsi:schemaLocation="http://www.loc.gov/MARC21/slim http://www.loc.gov/standards/marcxml/schema/MARC21slim.xsd"
    xmlns="http://www.loc.gov/MARC21/slim">

  <leader>01443    a2200193   4500</leader>
  <controlfield tag="001">30944</controlfield>
  <controlfield tag="005">20260407155618.0</controlfield>
  <controlfield tag="008">260407a1952    arg                 spa d</controlfield>
  <controlfield tag="003">AR-UNSa-BCEJYS</controlfield>
  <datafield tag="040" ind1=" " ind2=" ">
    <subfield code="a">AR-UNSa-BCEJYS</subfield>
    <subfield code="b">spa</subfield>
    <subfield code="c">AR-UNSa-BCEJYS</subfield>
  </datafield>
  <datafield tag="080" ind1=" " ind2=" ">
    <subfield code="a">657.1</subfield>
    <subfield code="x">Tenedur&#xED;a de libros. Sistemas. Procedimientos (Operaciones bancarias)</subfield>
  </datafield>
  <datafield tag="245" ind1="1" ind2="0">
    <subfield code="a">Estudio del nuevo r&#xE9;gimen bancario y crediticio en la argentina</subfield>
  </datafield>
  <datafield tag="264" ind1=" " ind2="1">
    <subfield code="a">Buenos Aires :</subfield>
    <subfield code="b">Bibliogr&#xE1;fica Argentina</subfield>
    <subfield code="c">1952</subfield>
  </datafield>
  <datafield tag="300" ind1=" " ind2=" ">
    <subfield code="a">285 p.</subfield>
    <subfield code="c">23 cm.</subfield>
  </datafield>
  <datafield tag="505" ind1=" " ind2=" ">
    <subfield code="a">1. Creaci&#xF3;n del Banco Central y su gesti&#xF3;n hasta la &#xE9;poca en que fu&#xE9; nacionalizado - 2. La reforma bancaria de 1946 - 3. La nacionalizaci&#xF3;n de los dep&#xF3;sitos y el control de cr&#xE9;dito bancario - 4. Cobertura por los bancos mediante afectaci&#xF3;n de activos, de los dep&#xF3;sitos que reciben por cuenta del Banco Central y no los transfieran en efectivo a esta Instituci&#xF3;n - 5. El Banco Central de la Rep&#xFA;blica Argentina. Modificaciones de su Carta Org&#xE1;nica - 6. La ley de los bancos. Sus modificaciones por leyes 12.962 y 13.571 - 7. Organismos encargados de la direcci&#xF3;n econ&#xF3;mica-financiera del pa&#xED;s - 8. El mercado de Valores. Sus instituciones y los &#xF3;rganos de regulaci&#xF3;n y control - 9. La reforma bancaria en otros pa&#xED;ses - 10. Principales disposiciones sobre bancos, ordenadas por materia - 11. Conclusiones</subfield>
  </datafield>
  <datafield tag="942" ind1=" " ind2=" ">
    <subfield code="c">BK</subfield>
  </datafield>
  <datafield tag="590" ind1=" " ind2=" ">
    <subfield code="a">niveau_biblio:m niveau_hierar:0</subfield>
  </datafield>
  <datafield tag="100" ind1="1" ind2=" ">
    <subfield code="a">Mei, Mariano Rodolfo</subfield>
  </datafield>
  <datafield tag="999" ind1=" " ind2=" ">
    <subfield code="c">2148</subfield>
    <subfield code="d">2148</subfield>
  </datafield>
  <datafield tag="952" ind1=" " ind2=" ">
    <subfield code="0">0</subfield>
    <subfield code="1">0</subfield>
    <subfield code="4">0</subfield>
    <subfield code="7">0</subfield>
    <subfield code="a">BCEJYS</subfield>
    <subfield code="b">BCEJYS</subfield>
    <subfield code="c">16</subfield>
    <subfield code="d">2026-04-07</subfield>
    <subfield code="l">0</subfield>
    <subfield code="o">657.1 M479</subfield>
    <subfield code="p">L20293</subfield>
    <subfield code="r">2026-04-07 15:56:18</subfield>
    <subfield code="w">2026-04-07</subfield>
    <subfield code="y">L</subfield>
  </datafield>
</record>
